| 000 | 00474nam a22001817a 4500 | ||
|---|---|---|---|
| 003 | CEME | ||
| 005 | 20210628203308.0 | ||
| 008 | 210119b xxu||||| |||| 00| 0 eng d | ||
| 020 | _a978938009006 | ||
| 040 | _c. | ||
| 082 | _a333.794 MAR | ||
| 100 |
_aMarandi, Reza , Mohammed Reza _964539 |
||
| 245 | _aHandbook of green energy | ||
| 260 |
_aNEW DELHI _bSBS PUBLISHERS _c2009 |
||
| 300 | _aXVIII, 718P | ||
| 650 |
_aRENEWABLE ENERGY SOURCESS _964540 |
||
| 942 |
_cBK _2ddc |
||
| 999 |
_c572996 _d572996 |
||